Juan Pablo II: en visperas del 2000
Shranjeno v:
| Glavni avtor: | |
|---|---|
| Format: | Knjiga |
| Jezik: | španščina |
| Izdano: |
Santiago
Salesiana
1986
|
| Izdaja: | 4a. ed |
| Serija: | Héroes de Nuestro Tiempo
|
| Teme: | |
| Oznake: |
Označite
Brez oznak, prvi označite!
|
MARC
| LEADER | 00000nam a2200000 a 4500 | ||
|---|---|---|---|
| 001 | UCG4697 | ||
| 003 | CL-VaPUC | ||
| 008 | 101118e19860600CL |||||||||||||||||spa|d | ||
| 082 | 0 | 4 | |a 922.21 |b BOS |2 21 |
| 100 | 0 | |a Bosco, Teresio |e author |9 554140 | |
| 245 | 1 | 0 | |a Juan Pablo II: en visperas del 2000 |
| 250 | |a 4a. ed | ||
| 300 | |a 53 p | ||
| 942 | |c BK | ||
| 945 | |d 20101118 00:00:00 |a mfarfan | ||
| 260 | |a Santiago |b Salesiana |c 1986 | ||
| 600 | 0 | |a Juan Pablo II |9 309920 | |
| 650 | 0 | |a Biografías |9 255210 | |
| 583 | |a last modification |c 20101118 00:00:00 |k Rodrigo Vera | ||
| 490 | 0 | |a Héroes de Nuestro Tiempo | |
| 999 | |c 343363 |d 343361 | ||